Introduction to Psycology (Record no. 192566)

MARC details
000 -LEADER
fixed length control field 00448nam a2200181Ia 4500
008 - FIXED-LENGTH DATA ELEMENTS--GENERAL INFORMATION
fixed length control field 240823s9999||||xx |||||||||||||| ||und||
082 ## - DEWEY DECIMAL CLASSIFICATION NUMBER
-- 150.287 L5
100 ## - MAIN ENTRY--PERSONAL NAME
Personal name "Hilgard,Ernest R et al."
245 #0 - TITLE STATEMENT
Title Introduction to Psycology
250 ## - EDITION STATEMENT
Edition statement 6 th
260 ## - PUBLICATION, DISTRIBUTION, ETC. (IMPRINT)
Date of publication, distribution, etc 1975
Name of publisher, distributor, etc "Oxford & IBH Pub.,New Delhi"
500 ## - GENERAL NOTE
General note TRANSFERED
650 ## - SUBJECT ADDED ENTRY--TOPICAL TERM
Topical term or geographic name as entry element Psycology
942 ## - ADDED ENTRY ELEMENTS (KOHA)
Item type Books
Holdings
Withdrawn status Lost status Damaged status Permanent location Current location Shelving location Date acquired Source of acquisition Cost, normal purchase price Full call number Barcode Date last seen Koha item type
      CENTRAL LIBRARY, NOORUL ISLAM CENTRE FOR HIGHER EDUCATION CENTRAL LIBRARY, NOORUL ISLAM CENTRE FOR HIGHER EDUCATION   10/05/2012 Sudarsan Books 415.00 150.287 L5 44574 08/23/2024 Books
Visitors:
Copyright © 2024 Central Library NICHE.  All rights reserved.